000 00987cam a2200337 a 4500
001 4443135
003 ARRUPE
005 20150326171553.0
008 810609s1982 enk b 001 0 eng
010 _a81011004
020 _a0195030168 :
020 _a0195030176 (pbk.) :
035 _a(OCoLC)7574215
035 _a(OCoLC)ocm07574215
035 _a(NNC)4443135
040 _aDLC
_cDLC
_dNNUT
_dCStRLIN
043 _an-us---
050 0 _aHN90.M6
_bS2 1982
090 _aHN90.M6
_bS2 1982
100 1 _aSabini, John,
_d1947-
_916637
245 1 0 _aMoralities of everyday life /
_cJohn Sabini, Maury Silver.
260 _aOxford ;
_aNew York :
_bOxford University Press,
_c1982.
300 _axi, 238 p. ;
_c22 cm.
500 _aIncludes index.
504 _aBibliography: p. 231-238.
650 0 _aSocial psychology.
_916638
651 0 _aUnited States
_xMoral conditions.
_916639
700 1 _aSilver, Maury,
_d1944-
_916640
942 _2lcc
_cMONOGRAPH
999 _c122515
_d122515